La inversin̤ extranjera directa estudio de casos y lecciones aprendidas para su aplicacin̤ en Colombia /

Detalles Bibliográficos
Autor principal: Vallejo Almeida, Germǹ
Formato: eBook
Lenguaje:español
Publicado: Bogot:̀ Universidad Catl̤ica de Colombia, 2017
Materias:
Acceso en línea:Acceso restringido

MARC

LEADER 00000nam a22000007a 4500
005 20181027001627.0
007 cr|||| ||||
008 181027s2017 co |||||s|||| 00||0 spa d
020 |a 978-958-8934-78-5 
035 |a 22073 
040 |a vLex 
090 |c 8185  |d 8185 
100 1 |a Vallejo Almeida, Germǹ 
245 |a La inversin̤ extranjera directa  |h [Recurso electrn̤ico] :  |b estudio de casos y lecciones aprendidas para su aplicacin̤ en Colombia /  |c Germǹ Vallejo Almeida 
256 |a Servicio en ln̕ea 
260 |a Bogot:̀  |b Universidad Catl̤ica de Colombia,  |c 2017 
300 |a 1 recurso electrn̤ico 
506 1 |a Disponible solo en los productos indicados  |d vLex Global  |d vLex Global (Academic Edition, excluding Law Schools)  |d vLex Global (U.S. Academic Edition, Law Schools)  |d vLex Global (U.S. Academic Edition, excluding Law Schools)  |d vLex Global (Academic Edition, Law Schools) 
650 0 4 |a Derecho Mercantil y de la Empresa  |z Colombia 
740 0 |a vLex Libros (Servicio en ln̕ea) 
856 4 0 |u http://vlex.com/source/inversion-extranjera-directa-estudio-casos-lecciones-aprendidas-aplicacion-colombia-22073  |z Acceso restringido 
942 |c BOOK 
999 0 |a Commercial and Company Law